000 00737nam a2200241Ia 4500
003 OSt
005 20220927105555.0
006 a|||||r|||| 00| 0
007 ta
008 220926b |||||||| |||| 00| 0 eng d
024 _a187673
037 _cReference Collections
040 _aRTL
_cRTL
_beng
041 _2eng
_aeng
082 _a"m2311.N96, N6/GD"
110 _a"INDIAN INSTITUTE OF MANAGEMENT AHMEDABAD, INDIA."
_9373480
245 0 _aVikalpa
_b journal for decision makess.
260 _aAhmedabad
_bIIMI
_c1996
490 _vVol.21-2; 96p.
700 _a"INDIAN INSTITUTE OF MANAGEMENT AHMEDABAD, INDIA."
_9373481
942 _h"m2311.N96, N6/GD"
_cCC
999 _c693222
_d693222